000 00436nam a2200157Ia 4500
008 151015s9999 xx 000 0 und d
020 _a750661283
050 _aHB615.B657 2004
245 _aBolton Bill
250 _a_Entrepreneurs Talent,Temperament,Technique Bill Bolton
260 _a2nd ed.
300 _aLondon Elsevier 2004
500 _aincludes index
650 _a_Entrepreneurship
700 _a^d20110711 03:47:49^okorir
999 _c91
_d91